000 00422nam a22001817a 4500
003 MPLRDC
005 20220104162707.0
008 210129b ||||| |||| 00| 0 eng d
020 _a0-86101-175-9
082 _a435.4 LEG
100 _aBOB LEGGE
245 _aANNUALS
_c
250 _a1ST ED.
260 _aENGLAND
_bSELAMANDER BOOK S LTD
_c1983
300 _b160
650 _aHORTICULTURE
942 _cBK
_o435.4 LEG
999 _c56089
_d56079